[Event "Championship Moscow 2019"]
[Site "?"]
[Date "2019.04.07"]
[Round "9.2"]
[White "Utiatskaja, Irina"]
[Black "Kirchei, Viktoriia"]
[Result "1/2-1/2"]
[BlackElo "1869"]
[WhiteElo "2165"]
[LiveChessVersion "1.4.8"]

1. e4 {[%clk 1:30:48]} d6 {[%clk 1:30:51]} 2. d4 {[%clk 1:30:55]} Nf6
{[%clk 1:30:55]} 3. Nc3 {[%clk 1:30:54]} Nbd7 {[%clk 1:30:13]} 4. Bc4
{[%clk 1:30:29]} e5 {[%clk 1:29:47]} 5. Nf3 {[%clk 1:30:47]} Be7 {[%clk 1:29:16]}
6. O-O {[%clk 1:30:42]} O-O {[%clk 1:29:02]} 7. a4 {[%clk 1:30:46]} b6
{[%clk 1:26:21]} 8. Re1 {[%clk 1:24:49]} a6 {[%clk 1:25:33]} 9. b3
{[%clk 1:15:27]} Bb7 {[%clk 1:24:49]} 10. Bb2 {[%clk 1:15:07]} c6
{[%clk 1:24:41]} 11. Bf1 {[%clk 1:14:30]} Qc7 12. g3 {[%clk 1:04:36]} Kh8
{[%clk 1:10:00]} 13. Bg2 {[%clk 1:04:23]} Ng8 {[%clk 1:09:00]} 14. Bh3
{[%clk 0:58:30]} Rad8 {[%clk 1:07:48]} 15. Nb1 {[%clk 0:57:47]} Bf6
{[%clk 1:05:50]} 16. c4 {[%clk 0:49:31]} exd4 {[%clk 0:51:25]} 17. Bxd4
{[%clk 0:48:53]} Ne5 {[%clk 0:48:50]} 18. Bc3 {[%clk 0:43:35]} Rfe8
{[%clk 0:35:16]} 19. Nxe5 {[%clk 0:35:10]} dxe5 {[%clk 0:33:20]} 20. Qe2
{[%clk 0:35:38]} Be7 {[%clk 0:31:04]} 21. a5 {[%clk 0:24:28]} b5 {[%clk 0:29:40]}
22. b4 {[%clk 0:24:37]} c5 {[%clk 0:21:53]} 23. bxc5 {[%clk 0:24:57]} bxc4
{[%clk 0:21:51]} 24. Qxc4 {[%clk 0:24:51]} Qxc5 {[%clk 0:20:57]} 25. Na3
{[%clk 0:14:22]} Nf6 {[%clk 0:20:14]} 26. Qxc5 {[%clk 0:10:37]} Bxc5
{[%clk 0:20:39]} 27. Bg2 {[%clk 0:10:58]} Rd3 {[%clk 0:20:10]} 28. Nb1
{[%clk 0:11:24]} Rc8 {[%clk 0:15:08]} 29. Ra2 {[%clk 0:09:14]} Bd4
{[%clk 0:06:45]} 30. Bxd4 {[%clk 0:08:19]} exd4 {[%clk 0:06:32]} 31. e5
{[%clk 0:05:36]} Bxg2 {[%clk 0:06:39]} 32. Kxg2 {[%clk 0:05:30]} Nd5
{[%clk 0:06:56]} 33. Rb2 {[%clk 0:05:10]} Nc3 {[%clk 0:05:06]} 34. Nxc3
{[%clk 0:03:40]} dxc3 {[%clk 0:05:12]} 35. Rc2 {[%clk 0:03:58]} Rd2
{[%clk 0:03:46]} 36. Rxd2 {[%clk 0:03:45]} cxd2 {[%clk 0:04:11]} 37. Rd1
{[%clk 0:04:13]} Rd8 {[%clk 0:04:28]} 38. Kf3 {[%clk 0:03:44]} Rd5
{[%clk 0:04:27]} 39. Ke4 {[%clk 0:04:07]} Rxa5 {[%clk 0:04:42]} 40. Rxd2
{[%clk 0:04:32]} g6 {[%clk 0:04:45]} 41. Rd7 {[%clk 0:04:40]} Kg8
{[%clk 0:04:56]} 42. Ra7 {[%clk 0:03:11]} Ra2 {[%clk 0:04:15]} 43. Kf3
{[%clk 0:03:12]} h5 {[%clk 0:04:10]} 44. h4 {[%clk 0:02:16]} Ra4 {[%clk 0:04:28]}
45. Ke3 {[%clk 0:02:21]} Kf8 {[%clk 0:04:37]} 46. Kf3 {[%clk 0:02:30]} Ra2
{[%clk 0:03:47]} 47. Kg2 {[%clk 0:02:41]} a5 {[%clk 0:03:54]} 48. Kf3
{[%clk 0:02:55]} a4 {[%clk 0:03:50]} 49. Kg2 {[%clk 0:03:17]} a3 {[%clk 0:03:45]}
50. Kf3 {[%clk 0:03:43]} Ke8 {[%clk 0:03:26]} 51. Kg2 {[%clk 0:03:50]} Kf8
{[%clk 0:02:04]} 52. Kf3 {[%clk 0:04:15]} Ra1 {[%clk 0:01:38]} 53. Kg2
{[%clk 0:04:37]} Ke8 {[%clk 0:01:42]} 54. Kf3 {[%clk 0:04:59]} Kf8
{[%clk 0:01:51]} 55. Kg2 {[%clk 0:05:25]} Ke8 {[%clk 0:02:03]} 1/2-1/2

[Event "Championship Moscow 2019"]
[Site "?"]
[Date "2019.04.07"]
[Round "9.4"]
[White "Diakonova, Ekaterina"]
[Black "Mirzoeva, Elmira"]
[Result "1-0"]
[BlackElo "2262"]
[WhiteElo "2241"]
[LiveChessVersion "1.4.8"]

1. e4 c5 {[%clk 1:30:51]} 2. Nf3 {[%clk 1:28:52]} Nc6 {[%clk 1:31:09]} 3. Bb5
{[%clk 1:29:16]} Nf6 {[%clk 1:31:15]} 4. e5 {[%clk 1:21:49]} Nd5 {[%clk 1:31:29]}
5. c3 {[%clk 1:22:15]} g6 {[%clk 1:27:36]} 6. O-O {[%clk 1:21:14]} Bg7
{[%clk 1:27:18]} 7. d4 {[%clk 1:20:55]} cxd4 {[%clk 1:25:30]} 8. cxd4
{[%clk 1:21:21]} O-O {[%clk 1:24:58]} 9. Nc3 {[%clk 1:19:40]} Nc7
{[%clk 1:19:28]} 10. Bf4 {[%clk 1:10:28]} Nxb5 11. Nxb5 a6 {[%clk 1:08:02]} 12.
Nc3 {[%clk 1:10:56]} d6 {[%clk 1:07:55]} 13. exd6 {[%clk 1:09:15]} exd6
{[%clk 1:07:41]} 14. d5 {[%clk 1:08:59]} Ne7 {[%clk 0:57:50]} 15. h3
{[%clk 1:09:17]} h6 {[%clk 0:51:06]} 16. Qd2 {[%clk 1:06:20]} g5 {[%clk 0:50:15]}
17. Bh2 {[%clk 1:02:09]} Ng6 {[%clk 0:42:10]} 18. Nd4 {[%clk 0:52:11]} Qb6
{[%clk 0:32:03]} 19. Rad1 {[%clk 0:51:52]} Re8 {[%clk 0:31:12]} 20. Na4
{[%clk 0:49:14]} Qxd4 {[%clk 0:20:00]} 21. Qxd4 {[%clk 0:49:40]} Bxd4
{[%clk 0:20:28]} 22. Rxd4 {[%clk 0:50:08]} Ne5 {[%clk 0:20:51]} 23. Nb6
{[%clk 0:46:38]} Rb8 {[%clk 0:21:15]} 24. f4 {[%clk 0:41:33]} gxf4
{[%clk 0:18:48]} 25. Rdxf4 {[%clk 0:41:00]} f5 {[%clk 0:16:11]} 26. Rh4
{[%clk 0:34:37]} Nf7 {[%clk 0:12:10]} 27. Rc1 {[%clk 0:30:50]} f4
{[%clk 0:11:29]} 28. Rxf4 {[%clk 0:30:59]} Ne5 {[%clk 0:11:41]} 29. Rf6
{[%clk 0:29:51]} Kg7 {[%clk 0:07:35]} 30. Rxd6 {[%clk 0:28:52]} Bf5
{[%clk 0:06:58]} 31. Bxe5+ {[%clk 0:25:26]} Rxe5 {[%clk 0:07:26]} 32. g4
{[%clk 0:25:54]} Be4 {[%clk 0:05:10]} 33. Rc7+ {[%clk 0:25:37]} Kg8
{[%clk 0:04:48]} 34. Nd7 {[%clk 0:25:35]} Rxd5 {[%clk 0:04:24]} 35. Nf6+
{[%clk 0:25:45]} Kf8 {[%clk 0:04:44]} 36. Nxd5 {[%clk 0:26:08]} 1-0

*

[Event "Championship Moscow 2019"]
[Site "Ìîñêâà, ÐÃÑÓ, óë.Ò]
[Date "2019.04.07"]
[Round "9.5"]
[White "Fominykh, Maria"]
[Black "Gvanceladze, Anna"]
[Result "1/2-1/2"]
[WhiteElo "2259"]
[BlackElo "2264"]
[PlyCount "94"]
[EventDate "2019.03.30"]

1. Nf3 d5 2. b3 Nf6 3. Bb2 g6 4. c4 c6 5. g3 Bg7 6. Bg2 a5 7. O-O O-O 8. d3 Re8
9. Qc2 a4 10. b4 dxc4 11. Qxc4 Nbd7 12. a3 e5 13. Qc2 e4 14. dxe4 Nxe4 15. Bxg7
Kxg7 16. Nc3 Nxc3 17. Qxc3+ Qf6 18. Nd4 h5 19. e4 h4 20. f4 Nf8 21. b5 cxb5 22.
Nxb5 Qxc3 23. Nxc3 hxg3 24. hxg3 Bd7 25. e5 Rab8 26. Ne4 Rec8 27. Rfc1 Ne6 28.
Nd6 Rxc1+ 29. Rxc1 b5 30. f5 gxf5 31. Nxf5+ Kg6 32. Ne7+ Kg5 33. Nd5 Rc8 34.
Rf1 Be8 35. Bh3 Rc5 36. Rf5+ Kg6 37. Ne7+ Kg7 38. Bg2 Nd4 39. Rg5+ Kf8 40. Nd5
Bc6 41. Nf6 Ke7 42. Ng8+ Kd8 43. Nh6 Rc1+ 44. Kf2 Ne6 45. Rg8+ Ke7 46. Bxc6
Rxc6 47. Nf5+ Kd7 1/2-1/2

[Event "Championship Moscow 2019"]
[Site "Ìîñêâà, ÐÃÑÓ, óë.Ò]
[Date "2019.04.07"]
[Round "9.6"]
[White "Smirnova, Ekaterina"]
[Black "Seregina, Maria"]
[Result "1-0"]
[WhiteElo "2178"]
[BlackElo "1853"]
[PlyCount "109"]
[EventDate "2019.03.30"]

1. d4 Nf6 2. c4 c5 3. d5 e6 4. Nc3 exd5 5. cxd5 Bd6 6. e4 O-O 7. f4 Nxe4 8.
Nxe4 Re8 9. Qe2 Bc7 10. g4 b6 11. d6 Bxd6 12. Nxd6 Rxe2+ 13. Bxe2 Ba6 14. Nf5
Qe8 15. Kf2 Qe4 16. Bf3 Qc2+ 17. Ne2 Bxe2 18. Bxe2 Nc6 19. Be3 d5 20. Rad1 g6
21. Ng3 d4 22. Bc1 c4 23. Rd2 Qa4 24. Bf3 d3 25. b3 cxb3 26. axb3 Qd4+ 27. Kg2
Rc8 28. Bb2 Qxf4 29. Rxd3 Nb4 30. Rd4 Qe3 31. Rc1 Re8 32. Be4 Qxb3 33. Rd2 a5
34. Rc3 Qe6 35. h3 Na6 36. Rc6 Qb3 37. Bd5 Qe3 38. Rf2 Qxf2+ 39. Kxf2 Nb4 40.
Bxf7+ Kxf7 41. Rxb6 Re7 42. Kf3 Nd3 43. Bc3 a4 44. Ra6 Rb7 45. Rxa4 Rb3 46. Ne4
Nc5 47. Rc4 Nd3 48. Ke3 Ne5 49. Rc7+ Kf8 50. Nd2 Rb5 51. Bxe5 Rxe5+ 52. Ne4 h5
53. g5 Ra5 54. h4 Ra3+ 55. Rc3 1-0

[Event "Championship Moscow 2019"]
[Site "Ìîñêâà, ÐÃÑÓ, óë.Ò]
[Date "2019.04.07"]
[Round "9.7"]
[White "Zaitseva, Lyudmila"]
[Black "Afanasieva, Alexandra"]
[Result "1-0"]
[WhiteElo "1926"]
[BlackElo "2093"]
[PlyCount "259"]
[EventDate "2019.03.30"]

1. d4 Nf6 2. c4 e6 3. Nf3 b6 4. g3 Bb7 5. Bg2 Bb4+ 6. Bd2 Be7 7. O-O O-O 8. Nc3
c6 9. Qc2 d5 10. b3 Nbd7 11. e4 dxe4 12. Nxe4 Nxe4 13. Qxe4 Nf6 14. Qe2 c5 15.
Bc3 cxd4 16. Nxd4 Bxg2 17. Kxg2 Qc7 18. Rfe1 Rfd8 19. Rad1 a6 20. Qf3 Rac8 21.
a4 h6 22. Rd3 Rd7 23. Qe2 Rcd8 24. f4 Bc5 25. Red1 Qb7+ 26. Nf3 Rxd3 27. Rxd3
Rxd3 28. Qxd3 Ne4 29. Bd4 f5 30. Be5 Kh7 31. Qd8 b5 32. cxb5 axb5 33. a5 Qa7
34. Qc7 b4 35. Qxa7 Bxa7 36. a6 Kg8 37. Nd4 Nc5 38. Nc6 Nxb3 39. Nxa7 Nc5 40.
Nc6 Nxa6 41. Bd6 b3 42. Ba3 g5 43. Nd4 Nc5 44. Kf3 Kf7 45. Ke3 gxf4+ 46. gxf4
Kg6 47. Kd2 Ne4+ 48. Kd3 Nf2+ 49. Ke2 Ng4 50. h3 e5 51. fxe5 Nxe5 52. Nxb3 Kh5
53. Kf2 Kh4 54. Kg2 Ng6 55. Bd6 f4 56. Nd4 Kg5 57. Nf3+ Kf5 58. Kf2 Ke4 59. Ke2
Kd5 60. Bb8 Ke4 61. Bc7 Ne7 62. Nh4 Nd5 63. Bd6 Nc3+ 64. Kf2 Nd1+ 65. Ke1 Nc3
66. Bf8 h5 67. Bg7 Nd5 68. Kf2 Ne3 69. Nf3 Nd1+ 70. Ke2 Ne3 71. Nd2+ Kf5 72.
Kf3 Kg5 73. Ne4+ Kh4 74. Nf2 Kg5 75. Be5 Nd5 76. Bd6 Kh4 77. Bc5 Kg5 78. Bd4
Nc7 79. Nd3 Nd5 80. Bb2 Kf5 81. h4 Nf6 82. Nxf4 Ng4 83. Ba3 Ne5+ 84. Kf2 Kg4
85. Kg2 Nc4 86. Nd5 Kf5 87. Kf2 Nd2 88. Ne3+ Ke4 89. Ke2 Nf3 90. Ng2 Ng1+ 91.
Kf2 Nh3+ 92. Kf1 Kf3 93. Bd6 Nf2 94. Ne1+ Kg4 95. Kxf2 Kxh4 96. Bg3+ Kg4 97.
Nf3 Kf5 98. Nh4+ Kg4 99. Kg2 Kg5 100. Kf3 Kf6 101. Kf4 Ke6 102. Ke4 Kf6 103.
Bf4 Ke6 104. Kd4 Kd7 105. Kd5 Ke7 106. Bg3 Kd7 107. Nf5 h4 108. Nxh4 Ke7 109.
Bd6+ Kf6 110. Nf3 Kf5 111. Be5 Kg4 112. Ke4 Kh3 113. Ne1 Kg4 114. Bf4 Kh3 115.
Kf3 Kh4 116. Nd3 Kh3 117. Nf2+ Kh4 118. Ke4 Kh5 119. Kf5 Kh4 120. Be5 Kh5 121.
Bf6 Kh6 122. Ne4 Kh5 123. Ng3+ Kh6 124. Be5 Kh7 125. Kf6 Kh6 126. Bf4+ Kh7 127.
Kf7 Kh8 128. Bh6 Kh7 129. Bf8 Kh8 130. Ne4 1-0

[Event "Championship Moscow 2019"]
[Site "Ìîñêâà, ÐÃÑÓ, óë.Ò]
[Date "2019.04.07"]
[Round "9.8"]
[White "Zotova, Anastasia"]
[Black "Dumcheva, Julia"]
[Result "1-0"]
[WhiteElo "2148"]
[BlackElo "2168"]
[PlyCount "81"]
[EventDate "2019.03.30"]

1. e4 c5 2. Nf3 d6 3. d4 cxd4 4. Nxd4 Nf6 5. Nc3 Nc6 6. Bg5 e6 7. Qd2 h6 8.
Bxf6 gxf6 9. O-O-O a6 10. f4 Qb6 11. Nf3 Qa5 12. Kb1 Bd7 13. f5 O-O-O 14. Bc4
Ne5 15. Nxe5 Qxe5 16. Rhf1 Be7 17. g4 Qc5 18. Bb3 Kb8 19. Ne2 h5 20. Nf4 hxg4
21. fxe6 fxe6 22. Bxe6 Qg5 23. Bd5 Rc8 24. a3 Rc7 25. Bb3 Bc6 26. Qe2 Bb5 27.
c4 Bc6 28. Ne6 Qe5 29. Nxc7 Rxh2 30. Qxh2 Qxh2 31. Nd5 Bxd5 32. cxd5 g3 33. Bc2
Bd8 34. Rh1 Qf2 35. Rh8 Kc7 36. Rc1 g2 37. Ba4+ Kb6 38. Rxd8 Qg3 39. Ka2 Qe3
40. Rxd6+ Ka5 41. Bd7 1-0

[Event "Championship Moscow 2019"]
[Site "Ìîñêâà, ÐÃÑÓ, óë.Ò]
[Date "2019.04.07"]
[Round "9.9"]
[White "Dorofeeva, Nyurguiaana"]
[Black "Nur-Mukhametova, Alisa"]
[Result "0-1"]
[WhiteElo "1879"]
[BlackElo "2164"]
[PlyCount "84"]
[EventDate "2019.03.30"]

1. d4 Nf6 2. Nf3 g6 3. Bf4 Bg7 4. e3 O-O 5. Be2 d6 6. O-O Nbd7 7. h3 Re8 8. Bh2
b6 9. c4 Bb7 10. Nc3 e5 11. d5 h6 12. Qc2 Nh7 13. b4 f5 14. Rab1 Ng5 15. Rfd1
a5 16. a3 axb4 17. axb4 Ba6 18. Nd2 Qf6 19. Nb3 f4 20. Bg4 Nf8 21. h4 Nf7 22.
g3 fxe3 23. fxe3 e4 24. Nxe4 Qe7 25. Nbd2 Ne5 26. Be2 Bc8 27. Nf2 Bf5 28. e4
Bd7 29. Nf3 Ba4 30. Qd2 Nxf3+ 31. Bxf3 Bxd1 32. Rxd1 Ra3 33. Kg2 Rea8 34. Qf4
h5 35. Nh3 Be5 36. Qh6 Qg7 37. Qg5 Nh7 38. Qc1 Rc3 39. Qd2 Raa3 40. Rf1 Rcb3
41. Qd1 Rb2+ 42. Kh1 Raa2 0-1

[Event "Championship Moscow 2019"]
[Site "Ìîñêâà, ÐÃÑÓ, óë.Ò]
[Date "2019.04.07"]
[Round "9.10"]
[White "Khachatryan, Marieta"]
[Black "Miroshnik, Ekaterina"]
[Result "0-1"]
[WhiteElo "1856"]
[BlackElo "2039"]
[PlyCount "108"]
[EventDate "2019.03.30"]

1. e4 e6 2. d4 d5 3. Nd2 Nf6 4. e5 Nfd7 5. Bd3 c5 6. c3 Nc6 7. Ne2 cxd4 8. cxd4
f6 9. exf6 Nxf6 10. Nf3 Bd6 11. O-O Qc7 12. Bg5 O-O 13. Bh4 Bd7 14. Bg3 Rae8
15. Rc1 Bxg3 16. hxg3 Qd6 17. Nf4 e5 18. dxe5 Nxe5 19. Nxe5 Rxe5 20. Re1 Rxe1+
21. Qxe1 Qb6 22. Qd2 Kh8 23. Re1 Qd6 24. Bc4 Bc6 25. Bb3 Qd7 26. Qd4 a6 27. Re5
Re8 28. Nd3 Rxe5 29. Nxe5 Qf5 30. g4 Qb1+ 31. Kh2 Qe1 32. Bc2 Qxe5+ 33. Qxe5
Nxg4+ 34. Kg3 Nxe5 35. Kf4 Nc4 36. b3 Nd6 37. Ke5 Nb5 38. g4 Kg8 39. f4 g6 40.
f5 Kf7 41. g5 Nc3 42. a4 Ne4 43. Kf4 Nc5 44. Ke5 gxf5 45. Kxf5 d4 46. Bd1 d3
47. Ke5 Ne4 48. Kd4 d2 49. Kd3 Kg6 50. b4 b5 51. a5 Kxg5 52. Bc2 h5 53. Bb3 h4
54. Bc2 h3 0-1

[Event "Championship Moscow 2019"]
[Site "Ìîñêâà, ÐÃÑÓ, óë.Ò]
[Date "2019.04.07"]
[Round "9.11"]
[White "Danilova, Rada"]
[Black "Ivanova, Anastasia S"]
[Result "1-0"]
[WhiteElo "1930"]
[BlackElo "1860"]
[PlyCount "62"]
[EventDate "2019.03.30"]

1. d4 Nf6 2. Nf3 g6 3. g3 Bg7 4. Bg2 O-O 5. O-O d6 6. c4 Nbd7 7. Nc3 e5 8. h3
c6 9. e4 Qb6 10. Re1 Re8 11. Re2 exd4 12. Nxd4 Ne5 13. Na4 Qc7 14. b3 a6 15.
Bb2 c5 16. Nc2 b5 17. cxb5 axb5 18. Nc3 Rb8 19. Ne3 Qd7 20. Rd2 Rd8 21. f4 Nc6
22. e5 Ne8 23. Ne4 Qc7 24. Nd5 Qd7 25. exd6 Bxb2 26. Rxb2 Nd4 27. Ne7+ Kf8 28.
Rd2 Nxd6 29. Rxd4 cxd4 30. Nc6 Qxc6 31. Ng5 h6 1-0

[Event "Championship Moscow 2019"]
[Site "Ìîñêâà, ÐÃÑÓ, óë.Ò]
[Date "2019.04.07"]
[Round "9.12"]
[White "Todua, Anastasia"]
[Black "Strukova, Ksenia"]
[Result "0-1"]
[WhiteElo "1610"]
[BlackElo "1919"]
[PlyCount "110"]
[EventDate "2019.03.30"]

1. e4 c5 2. Nf3 e6 3. d4 cxd4 4. Nxd4 a6 5. Be2 Qc7 6. a3 Nf6 7. Nc3 b5 8. O-O
Bb7 9. Bf3 d6 10. Re1 Nbd7 11. Bg5 Be7 12. Bh5 O-O 13. Re3 Rfe8 14. Rg3 Bxe4
15. Qe2 Nxh5 16. Qxh5 Bg6 17. Qf3 Ne5 18. Qe2 Qc4 19. Qe3 Nc6 20. Nxc6 Qxc6 21.
Bxe7 Rxe7 22. Qg5 Rae8 23. h4 Qc5 24. Qg4 Qf5 25. Ne2 Qxg4 26. Rxg4 Bxc2 27.
Rc1 Bg6 28. Rc6 Bh5 29. Re4 d5 30. Re3 Bxe2 31. Rxe2 Ra7 32. Rec2 Kf8 33. Kf1
Rd8 34. Ke2 Ke7 35. f4 Rd6 36. Rc8 Rdd7 37. g4 f6 38. Ke3 Rdb7 39. Rh8 h6 40.
Rg8 Kd6 41. Rd8+ Rd7 42. Rdc8 Rac7 43. R2xc7 Rxc7 44. Rxc7 Kxc7 45. Kd4 Kd6 46.
b4 e5+ 47. fxe5+ fxe5+ 48. Ke3 d4+ 49. Ke4 Ke6 50. Kd3 Kd5 51. h5 e4+ 52. Kd2
Kc4 53. Kc2 e3 54. Kd1 d3 55. Ke1 Kc3 0-1

[Event "Championship Moscow 2019"]
[Site "Ìîñêâà, ÐÃÑÓ, óë.Ò]
[Date "2019.04.07"]
[Round "9.13"]
[White "Ilyina, Lada"]
[Black "Zakharova, Evgenia"]
[Result "1-0"]
[WhiteElo "1877"]
[BlackElo "1892"]
[PlyCount "89"]
[EventDate "2019.03.30"]

1. e4 d6 2. g3 Nf6 3. Bg2 e5 4. Nc3 c6 5. d3 Nbd7 6. f4 Be7 7. Nf3 O-O 8. Qe2
Qc7 9. O-O b5 10. h3 b4 11. Nd1 a5 12. Nh4 Re8 13. Nf5 Bf8 14. fxe5 dxe5 15. g4
Nc5 16. Be3 Ne6 17. g5 Nd7 18. Qf3 f6 19. gxf6 Nxf6 20. Nf2 Nf4 21. Bxf4 exf4
22. Ng4 Bxf5 23. Nxf6+ gxf6 24. exf5 Rac8 25. Qxf4 Qxf4 26. Rxf4 Re2 27. Rc4 c5
28. Bf3 Re5 29. Rg4+ Kh8 30. Be4 c4 31. d4 Rb5 32. Kf2 a4 33. Rag1 Bh6 34. d5
Rb6 35. Rd1 Bf8 36. Kg3 Bd6+ 37. Kh4 b3 38. axb3 cxb3 39. cxb3 Rxb3 40. Rd4 a3
41. bxa3 Rcc3 42. Bg2 Bg3+ 43. Kh5 Rxa3 44. d6 Rc8 45. d7 1-0

[Event "Championship Moscow 2019"]
[Site "Ìîñêâà, ÐÃÑÓ, óë.Ò]
[Date "2019.04.07"]
[Round "9.14"]
[White "Zakharova, Oksana"]
[Black "Kasaeva, Sofiia"]
[Result "0-1"]
[WhiteElo "1751"]
[BlackElo "1960"]
[PlyCount "76"]
[EventDate "2019.03.30"]

1. c4 e5 2. Nc3 Nf6 3. g3 Bb4 4. Bg2 O-O 5. Nf3 Re8 6. O-O e4 7. Nd4 Nc6 8. Nc2
Bxc3 9. bxc3 d6 10. d4 exd3 11. exd3 Bg4 12. f3 Be6 13. Nd4 Nxd4 14. cxd4 d5
15. c5 c6 16. Bf4 b5 17. Bd6 a5 18. Qd2 Bf5 19. g4 Be6 20. h3 Nd7 21. Rae1 Nf8
22. f4 f5 23. Bf3 Ng6 24. gxf5 Bxf5 25. Rxe8+ Qxe8 26. Bg4 Qd7 27. Qg2 Re8 28.
Rf2 b4 29. Re2 Rxe2 30. Qxe2 Kf7 31. Kg2 Bxg4 32. Qxg4 Qxg4+ 33. hxg4 a4 34. f5
b3 35. fxg6+ Kxg6 36. axb3 axb3 37. Bf4 b2 38. Kg3 b1=Q 0-1

[Event "Championship Moscow 2019"]
[Site "Ìîñêâà, ÐÃÑÓ, óë.Ò]
[Date "2019.04.07"]
[Round "9.15"]
[White "Zaytseva, Dariya"]
[Black "Krupnova, Anna"]
[Result "1/2-1/2"]
[WhiteElo "1350"]
[BlackElo "1729"]
[PlyCount "74"]
[EventDate "2019.03.30"]

1. c4 c5 2. Nf3 Nc6 3. d4 cxd4 4. Nxd4 g6 5. e4 Bg7 6. Be3 d6 7. Nc3 Nf6 8. Be2
O-O 9. O-O Bd7 10. f3 Nxd4 11. Bxd4 a5 12. Nd5 Nxd5 13. cxd5 Qb8 14. Bxg7 Kxg7
15. Qd4+ f6 16. Rfc1 Rc8 17. Rc3 b5 18. Rac1 Qb7 19. f4 Rxc3 20. Rxc3 b4 21.
Rc1 Rc8 22. Rxc8 Qxc8 23. Qc4 Qxc4 24. Bxc4 Kf7 25. Kf2 e5 26. dxe6+ Bxe6 27.
Bd5 Ke7 28. Ke3 Bd7 29. Kd4 Bb5 30. Bc4 Bc6 31. g3 h6 32. Bd5 Bb5 33. Bc4 Bc6
34. Bd5 Bb5 35. Bc4 Bc6 36. Bd5 Bb5 37. Bc4 Bc6 1/2-1/2

[Event "Championship Moscow 2019"]
[Site "Ìîñêâà, ÐÃÑÓ, óë.Ò]
[Date "2019.04.07"]
[Round "9.16"]
[White "Zakharova, Anna"]
[Black "Chagina, Ulyana"]
[Result "0-1"]
[WhiteElo "1820"]
[BlackElo "1739"]
[PlyCount "82"]
[EventDate "2019.03.30"]

1. e4 e6 2. d4 d5 3. Nc3 Nf6 4. Bg5 Bb4 5. e5 h6 6. exf6 hxg5 7. fxg7 Rg8 8. a3
Bxc3+ 9. bxc3 Nc6 10. Qh5 Qf6 11. h4 gxh4 12. Rxh4 Qxg7 13. Nf3 Bd7 14. Qh7
O-O-O 15. Qxg7 Rxg7 16. g3 Ne7 17. O-O-O Nf5 18. Rf4 f6 19. Bd3 Nh6 20. Rxf6
Ng4 21. Rg6 Rxg6 22. Bxg6 Nxf2 23. Re1 Rf8 24. Ne5 Be8 25. Bxe8 Rxe8 26. Re3
Ne4 27. g4 Rg8 28. Rf3 Ng5 29. Rf6 Kd8 30. Rh6 Ke7 31. Kd2 Ne4+ 32. Ke3 Rg7 33.
Kf4 Nxc3 34. g5 Ne2+ 35. Kg4 Nxd4 36. g6 Kf6 37. c3 Nf5 38. Rh7 Kxe5 39. Rxg7
Nxg7 40. Kg5 c5 41. Kh6 Kf6 0-1

[Event "Championship Moscow 2019"]
[Site "Ìîñêâà, ÐÃÑÓ, óë.Ò]
[Date "2019.04.07"]
[Round "9.17"]
[White "Soblirova, Sabina"]
[Black "Kruglikova, Viktorija"]
[Result "0-1"]
[WhiteElo "1516"]
[BlackElo "1786"]
[PlyCount "82"]
[EventDate "2019.03.30"]

1. d4 Nf6 2. Nf3 e6 3. e3 b6 4. Bd3 Bb7 5. O-O Be7 6. c4 O-O 7. Nc3 d5 8. b3 c5
9. cxd5 cxd4 10. Nxd4 Nxd5 11. Bb2 Bf6 12. Qg4 Nd7 13. Ne4 Ne5 14. Nxf6+ Nxf6
15. Qe2 Nxd3 16. Qxd3 e5 17. Rfd1 exd4 18. Qf5 Qd5 19. Qh3 Qh5 20. Qg3 Qg6 21.
Qh3 d3 22. f3 Nd5 23. Bd4 Rfe8 24. Qd7 Bc6 25. Qh3 Nxe3 26. Bxe3 Rxe3 27. Rf1
Re2 28. Rad1 Bd7 29. Qg3 Qxg3 30. hxg3 Bf5 31. g4 Bg6 32. f4 Be4 33. Rf2 Rxf2
34. Kxf2 f5 35. g5 Kf7 36. Ke3 Rc8 37. g3 Rc2 38. a4 Ke6 39. g4 Kd5 40. Rd2
Rxd2 41. Kxd2 fxg4 0-1

[Event "Championship Moscow 2019"]
[Site "Ìîñêâà, ÐÃÑÓ, óë.Ò]
[Date "2019.04.07"]
[Round "9.18"]
[White "Shevtsova, Stefania"]
[Black "Putinceva, Marina"]
[Result "0-1"]
[WhiteElo "1684"]
[BlackElo "1519"]
[PlyCount "140"]
[EventDate "2019.03.30"]

1. e4 e5 2. Nf3 Nc6 3. Bc4 Bc5 4. b4 Bb6 5. a4 a6 6. c3 d6 7. d4 Qe7 8. O-O Nf6
9. Re1 Bg4 10. d5 Nb8 11. h3 Bh5 12. Bg5 h6 13. Bh4 g5 14. Bg3 g4 15. hxg4 Bxg4
16. Bh4 Rg8 17. Nbd2 Rg6 18. Bf1 Qd7 19. Qc2 Nh5 20. c4 Bxf3 21. Nxf3 Qg4 22.
c5 Qxf3 23. cxb6 c6 24. Bg3 Qf6 25. Re3 Nxg3 26. Rxg3 Rxg3 27. fxg3 a5 28. b5
c5 29. Be2 Nd7 30. Bh5 Qg5 31. g4 Qe3+ 32. Kh2 Qf4+ 33. g3 Qf3 34. Qg2 Qxg2+
35. Kxg2 Ke7 36. Rf1 Rf8 37. Kh3 Nxb6 38. Ra1 Rc8 39. Kh4 c4 40. g5 hxg5+ 41.
Kxg5 c3 42. Rf1 f6+ 43. Rxf6 c2 44. Rf7+ Kd8 45. Rf8+ Kc7 46. Rf1 Kb8 47. Rc1
Nxa4 48. Kf5 Nb2 49. g4 Nd3 50. Ra1 c1=Q 51. Rxc1 Rxc1 52. g5 Nf4 53. Bf7 a4
54. g6 Nxg6 55. Bxg6 a3 56. Ke6 Kc7 57. b6+ Kxb6 58. Kxd6 a2 59. Kxe5 a1=Q+ 60.
Ke6 Qg7 61. Bf5 Rc8 62. d6 Re8+ 63. Kd5 Qe5+ 64. Kc4 Qxd6 65. e5 Rxe5 66. Be6
Rc5+ 67. Kb3 Qd3+ 68. Ka2 Rb5 69. Bg8 Qb1+ 70. Ka3 Ra5# 0-1

[Event "Championship Moscow 2019"]
[Site "Ìîñêâà, ÐÃÑÓ, óë.Ò]
[Date "2019.04.07"]
[Round "9.19"]
[White "Khachatryan, Nadezhda"]
[Black "Zvereva, Margarita"]
[Result "0-1"]
[WhiteElo "1738"]
[BlackElo "1853"]
[PlyCount "80"]
[EventDate "2019.03.30"]

1. e4 c5 2. Nf3 d6 3. d4 cxd4 4. Nxd4 Nf6 5. Nc3 a6 6. h3 h5 7. g3 e5 8. Nde2
b5 9. Bg2 Bb7 10. O-O Be7 11. Be3 Nbd7 12. Nd5 Nxd5 13. exd5 h4 14. g4 Bg5 15.
f4 exf4 16. Bxf4 Bxf4 17. Nxf4 O-O 18. Qf3 Qb6+ 19. Kh1 Ne5 20. Qb3 Nc4 21.
Rfe1 Qd4 22. Re4 Qxb2 23. Qxb2 Nxb2 24. Rb1 Nc4 25. Rxc4 bxc4 26. Rxb7 Rab8 27.
Rd7 Rfd8 28. Ra7 Rb2 29. Rxa6 Rxc2 30. Rc6 g5 31. Nh5 Rb8 32. Nf6+ Kg7 33. Nh5+
Kf8 34. Rxd6 Rb1+ 35. Kh2 Rbb2 36. Rf6 Rxg2+ 37. Kh1 Rgd2 38. Kg1 Rb1+ 39. Rf1
Rxf1+ 40. Kxf1 c3 0-1

[Event "Championship Moscow 2019"]
[Site "Ìîñêâà, ÐÃÑÓ, óë.Ò]
[Date "2019.04.07"]
[Round "9.20"]
[White "Komarova, Viktoria"]
[Black "Gaer, Margarita"]
[Result "1/2-1/2"]
[WhiteElo "1567"]
[BlackElo "1627"]
[PlyCount "80"]
[EventDate "2019.03.30"]

1. d4 e6 2. Nf3 Nf6 3. c4 b6 4. Bg5 d5 5. e3 Bb7 6. cxd5 exd5 7. Bd3 Be7 8. O-O
O-O 9. Ne5 c5 10. Nc3 Nbd7 11. Nxd7 Nxd7 12. Bxe7 Qxe7 13. Re1 cxd4 14. exd4
Qb4 15. Qd2 Nf6 16. a3 Qd6 17. Qg5 Rfe8 18. f3 a6 19. Rac1 Re7 20. Rxe7 Qxe7
21. Qd2 Re8 22. Kf1 Qd6 23. g3 Bc8 24. Re1 Re6 25. Ne2 h6 26. Nf4 Rxe1+ 27.
Qxe1 g5 28. Ng2 Qe6 29. Ne3 Qh3+ 30. Kg1 Qh5 31. g4 Qh3 32. Qf1 Qxf1+ 33. Kxf1
Kf8 34. Bf5 Bb7 35. Bd3 Bc8 36. Bf5 Bb7 37. Bd3 Bc8 38. Bf5 Bb7 39. Bd3 Bc8 40.
Bf5 Bb7 1/2-1/2

[Event "Championship Moscow 2019"]
[Site "Ìîñêâà, ÐÃÑÓ, óë.Ò]
[Date "2019.04.07"]
[Round "9.21"]
[White "Eremina, Viktoria"]
[Black "Petrova, Elizaveta"]
[Result "1/2-1/2"]
[WhiteElo "1456"]
[BlackElo "1403"]
[PlyCount "108"]
[EventDate "2019.03.30"]

1. d4 Nf6 2. Nf3 e6 3. e3 b6 4. b3 Bb7 5. Bb2 Be7 6. Bd3 O-O 7. O-O Ne4 8. c4
f5 9. Qc2 d6 10. Nfd2 Nxd2 11. Qxd2 Nd7 12. Nc3 a6 13. Qc2 g6 14. Rac1 Bf6 15.
Ne2 e5 16. e4 f4 17. f3 Qe7 18. b4 c5 19. dxe5 dxe5 20. bxc5 Nxc5 21. Ba3 Qc7
22. Nc3 Nxd3 23. Qxd3 Be7 24. Nd5 Bc5+ 25. Kh1 Qd6 26. Bxc5 Qxc5 27. Qb3 Bxd5
28. cxd5 Qb5 29. Qxb5 axb5 30. Rb1 Rxa2 31. Rxb5 Rf6 32. h3 Ra5 33. Rfb1 Rxb5
34. Rxb5 Kf7 35. Kg1 Rd6 36. Kf2 Ke7 37. Ke2 h6 38. Kd3 g5 39. Kc4 Kd7 40. Rb2
Kc7 41. Kb5 Kb7 42. Rc2 Rg6 43. Rd2 Rd6 44. Rd1 h5 45. Rg1 h4 46. Ra1 Rf6 47.
Rd1 Rd6 48. Rd2 Ka7 49. Kc4 Kb7 50. Rb2 Rf6 51. Rb5 Rd6 52. Kb4 Ka6 53. Kc4 Kb7
54. Rb2 Rf6 1/2-1/2